000 00446nam a2200181Ia 4500
003 OSt
005 20230503095841.0
008 210210b1944 xxu||||| |||| 00| 0 eng d
040 _cAL
041 _aSanskrit
082 _a881/86
100 _aVENKATRAMARAYA
_996531
245 _aKavyasamudaya
_bकाव्यसमुदाय
260 _aBengaluru
_b-
_c1944
690 _aSanskrit Poetry
_996532
906 _a024257
942 _2ddc
_cBK
999 _c149655
_d149655